000 00849nam a2200217 a 4500
001 000038802
005 20201002031358.0
008 130424s1992 dr 000 0 spa d
040 _aDO-SdBNP
_bspa
_cBNPHU
082 _a338.642
_bC112m
100 1 _aCabal, Miguel
_99628
245 1 0 _aMicroempresas y pequeñas empresas en la República Dominicana :
_bresultados de una encuesta nacional /
_cMiguel Cabal.
260 _aSanto Domingo :
_bFONDOmicro,
_c1992.
300 _a158 P. ;
_c28 cm.
500 _aIncluye referencias bibliográficas y notas al pie de las páginas
590 _aInventariado,2018/DG
650 4 _aMicroempresas
_zRepública Dominicana
_9289
650 4 _aEncuestas industriales
_99629
710 2 2 _aFondo para el Financiamiento de la Microempresa (República Dominicana)
_99642
910 _aValidado. Control de calidad MFF
999 _c38292
_d38292